Effect of replacing dried fish with fresh water spinch and sugar cane supplement on growth performance of local pigs, (ឥទ្ធិពលនៃការជំនួសត្រីហាលដោយត្រកួនស្រស់និងបន្ថែមអំពៅលើការលូតលាស់របស់ជ្រូកក្នុងស្រុក) (Record no. 1921)
[ view plain ]
| 000 -LEADER | |
|---|---|
| fixed length control field | 00737nam a22001577a 4500 |
| 003 - CONTROL NUMBER IDENTIFIER | |
| control field | OSt |
| 005 - DATE AND TIME OF LATEST TRANSACTION | |
| control field | 20151005133606.0 |
| 008 - FIXED-LENGTH DATA ELEMENTS--GENERAL INFORMATION | |
| fixed length control field | 151005b xxu||||| |||| 00| 0 eng d |
| 040 ## - CATALOGING SOURCE | |
| Transcribing agency | RUA |
| 082 ## - DEWEY DECIMAL CLASSIFICATION NUMBER | |
| Classification number | AVM HUY 2005 B075 Or.1 |
| 100 ## - MAIN ENTRY--PERSONAL NAME | |
| 9 (RLIN) | 2034 |
| Personal name | HUY SOKCHEA |
| 245 ## - TITLE STATEMENT | |
| Title | Effect of replacing dried fish with fresh water spinch and sugar cane supplement on growth performance of local pigs, (ឥទ្ធិពលនៃការជំនួសត្រីហាលដោយត្រកួនស្រស់និងបន្ថែមអំពៅលើការលូតលាស់របស់ជ្រូកក្នុងស្រុក) |
| 260 ## - PUBLICATION, DISTRIBUTION, ETC. (IMPRINT) | |
| Place of publication, distribution, etc. | phnom penh |
| Name of publisher, distributor, etc. | RUA |
| Date of publication, distribution, etc. | 2005 |
| 300 ## - PHYSICAL DESCRIPTION | |
| Extent | viii, 33p. |
| Other physical details | ill. |
| Dimensions | 29cm. |
| 942 ## - ADDED ENTRY ELEMENTS (KOHA) | |
| Source of classification or shelving scheme | |
| Koha item type | AVM |
| Price effective from | Date last seen | Permanent Location | Not for loan | Date acquired | Source of classification or shelving scheme | Koha item type | Lost status | Withdrawn status | Date last checked out | Total Checkouts | Shelving location | Damaged status | Barcode | Current Location | Full call number |
|---|---|---|---|---|---|---|---|---|---|---|---|---|---|---|---|
| 2015-10-05 | 2015-10-05 | Library Block B | 2015-10-05 | AVM | B075 | RUA009114 | Library Block B | AVM HUY 2005 B075 Or.1 | |||||||
| 2015-10-05 | 2018-11-30 | Library Block B | 2015-10-05 | AVM | 2018-11-12 | 1 | B075 | RUA009034 | Library Block B | AVM HUY 2005 B075 Or.2 | |||||
| 2015-10-05 | 2015-10-05 | Library Block B | 2015-10-05 | AVM | B075 | RUA009110 | Library Block B | AVM HUY 2005 B075 Or.3 | |||||||
| 2015-10-05 | 2020-11-11 | Library Block B | 2015-10-05 | AVM | 2020-10-09 | 1 | B075 | RUA009048 | Library Block B | AVM HUY 2005 B075 Or.4 | |||||
| 2015-10-05 | 2018-11-30 | Library Block B | 2015-10-05 | AVM | 2018-11-12 | 1 | B075 | RUA020092 | Library Block B | AVM HUY 2005 B075 Or.5 |